000 00821nam a22001695i 4500
001 166609
003 ES-MaACL
005 20230906213351.0
008 050916s1895 cu | |||||||| ||spa d
040 _aCAM
_bspa
_cCAM
100 1 _aTrémols, José A.
_9133403
245 1 4 _aLos baños de Santa Rita en Guanabacoa
_b: memoria que en cumplimiento del inciso 10 de artículo 45 del Reglamento Provisional de Baños y aguas minero-medicinales par las Islas de Cuba, Puerto Rico y Filipinas /
_cpresenta el médico director interino de los mismos José A. Trémols.
260 _aHabana :
_bLa Propaganda Literaria,
_c1895.
300 _a24 p., [2] h. de lám. ;
_c23 cm.
650 4 _aBalnearios-
_zCuba.
_9135666
852 _aES-MaACL
_jT-855-F-7
_z-- Enc. hol. conservando la cub. original
_z-- Enc. en un vol. facticio
999 _c166609
_d166609